Informática (Record no. 82423)

MARC details
000 -LEADER
campo de control de longitud fija 00620nam a2200181 i 4500
001 - NÚMERO DE CONTROL
campo de control 82423
003 - IDENTIFICADOR DE NÚMERO DE CONTROL
campo de control ES-MaACL
007 - CAMPO FIJO DE DESCRIPCIÓN FÍSICA--INFORMACIÓN GENERAL
campo de control de longitud fija t|
008 - DATOS DE LONGITUD FIJA--INFORMACIÓN GENERAL
campo de control de longitud fija 041110s1983 sp ||||1| spa d
245 00 - MENCIÓN DEL TÍTULO
Título Informática
Resto del título : contratación administrativa.
250 ## - MENCION DE EDICION
Mención de edición 2ª ed.
260 ## - PUBLICACIÓN, DISTRIBUCIÓN, ETC.
Lugar de publicación, distribución, etc. Madrid :
Nombre del editor, distribuidor, etc. Presidencia del Gobierno, Servicio Central de Informática,
Fecha de publicación, distribución, etc. 1983.
300 ## - DESCRIPCIÓN FÍSICA
Extensión 138 p. ;
Dimensiones 21 cm.
490 1# - MENCIÓN DE SERIE
Mención de serie Documentación Informática. Serie verde / Textos legales ;
Designación de volumen o secuencia 1
830 0# - PUNTO DE ACCESO ADICIONAL DE SERIE-TÍTULO UNIFORME
Título uniforme Documentación Informática. Serie verde / Textos legales ;
Designación de volumen o secuencia 1
9 (RLIN) 231589
852 ## - LOCALIZACIÓN
Ubicación ES-MaACL
Número de control de estantería L-5597
Sublocalización o colección R.106037
Holdings
Estatus retirado Estado de pérdida Estado de daño No para préstamo Biblioteca de origen Biblioteca actual Ubicación en estantería Fecha de adquisición Fuente de adquisición Total de préstamos Signatura topográfica completa Código de barras Visto por última vez Precio de reemplazo Tipo de ítem Koha
        Biblioteca del Ateneo de Madrid Biblioteca del Ateneo de Madrid Depósito 2 17/01/2008     L-5597 1086139 23/02/2023 23/02/2023 Libro impreso